Beetle Taxonomy - All Extant Beetle Families - Statistics

General Stats
  • This quiz has been taken 44 times
    30 since last reset
  • The average score is 48 of 335
Answer Stats
Answer % Correct
Scarab
73%
Lady
67%
Snout and Bark
67%
Click
60%
Longhorn
60%
Stag
60%
Firefly
53%
Rove
53%
Darkling
47%
Ground
47%
Lampyridae
47%
Leaf
47%
Skin
47%
Buprestidae
40%
Carabidae
40%
Carrion
40%
Chrysomelidae
40%
Crowsoniellidae
40%
Dytiscidae
40%
Lepiceridae
40%
Metallic Wood-Boring
40%
Micromalthidae
40%
Scarabaeidae
40%
Soldier
40%
Whirligig
40%
Bess
33%
Cantharidae
33%
Chelonariidae
33%
Clown
33%
Coccinellidae
33%
Curculionidae
33%
Death-Watch
33%
Decliniidae
33%
Gyrinidae
33%
Helophoridae
33%
Hydrophilidae
33%
Lucanidae
33%
Minute
33%
Peltidae
33%
Sphaeritidae
33%
Synteliidae
33%
Tenebrionidae
33%
Torridincolidae
33%
Turtle
33%
Acanthocnemidae
27%
Agapythidae
27%
Cerambycidae
27%
Cneoglossidae
27%
Cucujidae
27%
Dermestidae
27%
Elateridae
27%
Fungus
27%
Glowworm
27%
Hobartiidae
27%
Hydrochidae
27%
Jurodidae
27%
Net-Winged
27%
Ommatidae
27%
Phloiophilidae
27%
Phycosecidae
27%
Pill
27%
Predaceous Diving
27%
Silphidae
27%
Staphylinidae
27%
Water-Penny
27%
Archostemata
20%
Bark-Gnawing
20%
Belohinidae
20%
Blister
20%
Chalcodryidae
20%
Checkered
20%
Cupedidae
20%
Elmidae
20%
Endecatomidae
20%
False Click
20%
False Ground
20%
Geotrupidae
20%
Handsome Fungus
20%
Histeridae
20%
Hydroscaphidae
20%
Marsh
20%
Metaxinidae
20%
Myraboliidae
20%
Myxophaga
20%
Passalidae
20%
Pleasing Fungus
20%
Polyphaga
20%
Priasilphidae
20%
Psephenidae
20%
Pterogeniidae
20%
Rain
20%
Reticulated
20%
Riffle
20%
Sinopyrophoridae
20%
Skiff
20%
Soft-Winged Flower
20%
Straight-Snouted
20%
Tasmosalpingidae
20%
Water Scavenger
20%
Aderidae
13%
Amphizoidae
13%
Artematopodid
13%
Artematopodidae
13%
Bumble Bee Scarab
13%
Burrowing Water
13%
Callirhipidae
13%
Cicada Parasite
13%
Crawling Water
13%
Cycad
13%
Cyclaxyridae
13%
Diphyllostomatidae
13%
Dry Bark
13%
Dryopidae
13%
Earth-Boring Dung
13%
False Clown
13%
False Flower
13%
False Soldier
13%
False Stag
13%
Featherwing
13%
Fire-Colored
13%
Flat Bark
13%
Georissidae
13%
Haliplidae
13%
Heteroceridae
13%
Hide
13%
Hybosoridae
13%
Hydraenidae
13%
Ischaliidae
13%
Lamingtoniidae
13%
Leiodidae
13%
Long-Toed Water
13%
Lycidae
13%
Meloidae
13%
Minute Bark
13%
Minute Bog
13%
Minute Moss
13%
Minute Mud-Loving
13%
Mycteridae
13%
Noteridae
13%
Ochodaeidae
13%
Plate-Thigh
13%
Pleocomidae
13%
Primitive Carrion
13%
Ptiliidae
13%
Ptilodactylidae
13%
Pyrochroidae
13%
Rhinorhipidae
13%
Rhipiceridae
13%
Rhysodidae
13%
Round Fungus
13%
Sand-Loving Scarab
13%
Scavenger Scarab
13%
Scirtidae
13%
Screech
13%
Shining Flower
13%
Soft-Bodied Plant
13%
Sphaeriusidae
13%
Telephone-Pole
13%
Texas
13%
Tooth-Necked Fungus
13%
Torrent
13%
Trogidae
13%
Trout-Stream
13%
Tumbling Flower
13%
Variegated Mud-Loving
13%
Wrinkled Bark
13%
Adephaga
7%
Agyrtidae
7%
Akalyptoischiidae
7%
Akalyptoischiid Scavenger
7%
Alexiidae
7%
Anthicidae
7%
Ant-Like Flower
7%
Ant-Like Leaf
7%
Asian Glowworm
7%
Attelabidae
7%
Boridae
7%
Bostrichidae
7%
Brachyceridae
7%
Brachypsectridae
7%
Brentidae
7%
Broad-Hipped Flower
7%
Byrrhidae
7%
Byturidae
7%
Callirhipid Cedar
7%
Cerophytidae
7%
Cerylonidae
7%
Ciidae
7%
Clambidae
7%
Cleridae
7%
Cliff Water
7%
Dascillidae
7%
Dead Log
7%
Derodontidae
7%
Discolomatid
7%
Discolomatidae
7%
Disteniid
7%
Disteniidae
7%
Endomychidae
7%
Enigmatic Scarab
7%
Epimetopidae
7%
Erotylidae
7%
Eucinetidae
7%
Eucnemidae
7%
Eulichadidae
7%
False Darkling
7%
False Jewel
7%
False Longhorn
7%
Fruitworm
7%
Glaphyridae
7%
Glaresidae
7%
Hairy Fungus
7%
Horned Powder-Post
7%
Hygrobiidae
7%
Ironclad
7%
Jacobsoniidae
7%
Jacobson's
7%
Jugular-Horned
7%
Laemophloeidae
7%
Latridiidae
7%
Leaf Rolling
7%
Limnichidae
7%
Lined Flat Bark
7%
Long-Lipped
7%
Lutrochidae
7%
Megalopodid
7%
Megalopodidae
7%
Melyridae
7%
Meruidae
7%
Minute Brown Scavenger
7%
Minute Clubbed
7%
Minute Hooded
7%
Minute Marsh-Loving
7%
Minute Tree-Fungus
7%
Monotomidae
7%
Mordellidae
7%
Mycetaeidae
7%
Nemonychidae
7%
Nitidulidae
7%
Nosodendridae
7%
Omethidae
7%
Orsodacnidae
7%
Oxypeltid
7%
Oxypeltidae
7%
Palm And Flower
7%
Palmetto
7%
Parasitic Flat Bark
7%
Passandridae
7%
Phalacridae
7%
Phengodidae
7%
Phloeostichidae
7%
Pine Flower
7%
Polypore Fungus
7%
Prionoceridae
7%
Protocucujidae
7%
Ptinidae
7%
Pythidae
7%
Rare Click
7%
Ravenous Leaf
7%
Sap-Feeding
7%
Schizopodidae
7%
Scraptiidae
7%
Ship-Timber
7%
Silvanidae
7%
Silvanid Flat Bark
7%
Small False Click
7%
Sooty Mold
7%
Spercheidae
7%
Synchroa Bark
7%
Synchroidae
7%
Teredidae
7%
Throscidae
7%
Toadlet
7%
Toe-Winged
7%
Trachypachidae
7%
Travertine
7%
Trictenotomidae
7%
Trogossitidae
7%
Vesperid
7%
Vesperidae
7%
Water Cascade
7%
Wedge-Shaped
7%
Well-Polished
7%
Wounded-Tree
7%
Zopheridae
7%
Anamorphidae
0%
Anthribidae
0%
Archeocrypticidae
0%
Aspidtyidae
0%
Belidae
0%
Biphyllidae
0%
Boganiidae
0%
Bothrideridae
0%
Caridae
0%
Cavognathidae
0%
Chaetosomatidae
0%
Conifer Bark
0%
Corylophidae
0%
Cryptic Fungus
0%
Cryptic Slime Mold
0%
Cryptophagidae
0%
Cybocephalidae
0%
Eupsilobiidae
0%
Euxestidae
0%
False Blister
0%
False Skin
0%
Forest Stream
0%
Helotidae
0%
Kateretidae
0%
Lophocateridae
0%
Lymexylidae
0%
Mauroniscidae
0%
Melandryidae
0%
Murmidiidae
0%
Murmidius
0%
Mycetophagidae
0%
Narrow-Waisted Bark
0%
Oedemeridae
0%
Promecheilidae
0%
Prostomidae
0%
Rhadalidae
0%
Rhagophthalmidae
0%
Ripiphoridae
0%
Salpingidae
0%
Sap-Flow
0%
Short-Winged Flower
0%
Silken Fungus
0%
Smicripidae
0%
Sphindidae
0%
Stenotrachelidae
0%
Telegeusidae
0%
Tetratomidae
0%
Thanerocleridae
0%
Thymalidae
0%
Ulodidae
0%
No matching quizzes found
Score Distribution
Percent of People with Each Score
Percentile by Number Answered
Your Score History
You have not taken this quiz since the last reset